Responses for Show #996 - Monday, December 26, 1988

Jeff Richmond game 2.

Contestants

[<< previous game]

Peter Perl, a newspaper editor from Washington, D.C.

Dee Ann Redman, a sales representative from Billings, Montana

Jeff Richmond, a city planner from West Hollywood, California (whose 1-day cash winnings total $6,300)

[next game >>]

Jeopardy! Round responses

U.S.A.
NICKNAMES
THE BIBLE
HOLLYWOOD MARRIAGES
GUINNESS RECORDS
JEOPARDY! KEY WORDS
(Alex: These are words or short phrases we have used often enough that they have become synonymous with those people.)
    $100 1
Alaska

Dee Ann
    $100 2
limey

Dee Ann
    $100 16
mourning

Dee Ann
    $100 23
Elizabeth Taylor

Jeff
    $100 11
belly dancing

Jeff
    $100 21
Calvin Coolidge

Jeff
    $200 7
District of Columbia

Dee Ann
    $200 3
pin-up girl

Dee Ann
    $200 17
David

Jeff
    $200 27
(Peter: Who is Hayley Mills?)

Juliet Mills

Dee AnnPeter
    $200 12
reign

Triple Stumper
    $200 22
jellyfish

Dee Ann
    $300 8
pretzels

Peter
    $300 4
Pee Wee

Dee Ann
    $300 18
Moses

Jeff
    $300 28
Olivia Newton-John

Dee Ann
    $300 13
scarecrow

Jeff
    $300 24
Catherine the Great

Dee Ann
    $400 9
Benjamin Franklin

Peter
    $400 5
Patti Page

Dee Ann
    $300 19
Pay unto Caesar what is Caesar's (Render unto Caesar what is Caesar's)

Jeff
    $400 29
(Dee Ann: Who is Peter Holm?)

Anthony Newley

Dee Ann
Triple Stumper
    $400 14
war

Jeff
    $400 25
Will Rogers

Dee Ann
    $500 10
North Dakota

Jeff
    $500 6
(Douglas) MacArthur

Jeff
    $500 20
John the Baptist

Jeff
    $500 30
Carole Bayer Sager

Dee Ann
    $500 15
bird

Triple Stumper
    $500 26
(Peter: Who is Dada?)

Salvador DalĂ­

JeffPeter

Scores at the first commercial break (after clue 15):

Jeff Dee Ann Peter
$1,800 $1,300 $700

Scores at the end of the Jeopardy! Round:

Jeff Dee Ann Peter
$3,800 $2,900 $0

Double Jeopardy! Round responses

ZOOLOGY
CAPITAL CITIES
SHAKESPEAREAN TRIVIA
THE '50s
WORDS FROM MYTHOLOGY
2 FIRST NAMES
    $200 14
(Dee Ann: What are their little horns?)

lungs

Dee Ann
Triple Stumper
    $200 4
Bangkok

Dee Ann
    $200 18
(Juan) Peron

Peter
    $200 10
tantalize

Jeff
    $200 5
Minnie Pearl

Dee Ann
    $400 15
polar bears

Dee Ann
    $400 3
Kingston

Jeff
    $400 1
the last play Shakespeare wrote

Triple Stumper
    $400 9
Soviet Union

Dee Ann
    $400 16
Midas touch

Dee Ann
    $400 6
Michael Douglas

Peter
    $600 24
beetles

Dee Ann
    $600 11
(Dee Ann: What is Brussels?)
(Peter: What is New York?)

Amsterdam

Dee AnnPeter
Triple Stumper
    $600 2
(Dee Ann: Who is William Shakespeare?)

Shakespeare's parents

Dee Ann
Triple Stumper
    $1,000 8
the founder of Buddhism (Buddha)

Peter
    $600 17
Panacea

Jeff
    $600 7
(Jeff: Who is Bruce Wayne?)

Gene Barry

Jeff
Triple Stumper
    $800 25
(Peter: What are squirrels?)

bats

Dee AnnPeter
    $300 12
(Jeff: What is Vienna?)
(Alex: No. The opening of the [*] Concerto.)

Warsaw

Jeff
    $800 19
Jack Kerouac

Peter
    $800 21
(Peter: Who is Herpes?)
...
(Alex: A minute to go.)

Python

Peter
Triple Stumper
    $1000 26
[The end-of-round signal sounds.]

sternum (breastbone)

Dee Ann
    $1000 13
(Peter: What is Kuala Lumpur?)
[Alex only provided the first unnamed one.]

(1 of) Addis Ababa (Cape Town, Port Louis, Porto-Novo, & Sao Tomé)

JeffPeter
    $1000 20
(Dee Ann: Who is Art Linkletter?)

Pat Boone

Dee Ann
Triple Stumper
    $1000 22
(Peter: Who is Chora?)

Terpsichore

Peter
Triple Stumper
    $1000 23
Shana Alexander

Peter

Scores at the end of the Double Jeopardy! Round:

Jeff Dee Ann Peter
$5,100 $4,500 -$800

[wagering suggestions for these scores]

Final Jeopardy! Round responses

MOUNTAINS
Dee AnnWhat is the Caucausus
$4,495
JeffWhat are the Caucasus Mtns?
$3,901
Caucasus Mountains

Final scores:

Jeff Dee Ann Peter
$9,001 $8,995 -$800
2-day champion: $15,301 2nd place: a trip on Eastern to Tampa, Florida & stay at Sheraton Saint Key Resort 3rd place: Merillat modular shelving system

Game dynamics:

Coryat scores:

Jeff Dee Ann Peter
$5,500 $4,500 -$1,200
16 R
(including 1 DD),
2 W
(including 1 DD)
21 R,
5 W
7 R
(including 1 DD),
7 W

Combined Coryat: $8,800

[game clues] [game scores] [suggest correction]

Game tape date: 1988-10-03
The J! Archive is created by fans, for fans. Scraping, republication, monetization, and malicious use prohibited; this site may use cookies and collect identifying information. See terms. The Jeopardy! game show and all elements thereof, including but not limited to copyright and trademark thereto, are the property of Jeopardy Productions, Inc. and are protected under law. This website is not affiliated with, sponsored by, or operated by Jeopardy Productions, Inc. Join the discussion at JBoard.tv.